000 00479nam a2200169Ia 4500
008 240729s9999 xx 000 0 und d
022 _a1687-949X
245 0 _aJournal of Marine Biology
260 _aUnited Kingdom
260 _bHindawi Limited
650 _a Biology (General)
650 _a Oceanography | Science
650 _aGeography. Anthropology. Recreation
856 _uhttps://doaj.org/toc/eff0e67bf6a54bb2be70042f0d5ac692
942 _2ddc
942 _cDOAJEJ
999 _c71767
_d71767
945 _a1
_bMadushi Gamage
_c1
_dMadushi Gamage